000 00704nam a2200289Ia 4500
005 20260324130018.0
008 008 260324s9999 xx 000 0 eng d
020 _a9780429241376
037 _aEBOOK
040 _aCRL
040 _beng
040 _cCRL
041 _2eng
041 _aeng
084 _qCRL
100 _aBarbara Rugendyke; John Connell
_91180192
245 0 _aTourism at the Grassroots
245 0 _bVillagers and Visitors in the Asia-Pacific
260 _bTaylor and Francis
260 _c2008
365 _a
365 _b160
856 _uhttp://www.taylorfrancis.com/books/9780429241376
942 _cEBOOK
999 _c1775938
_d1775938